000 00220nam a22000857a 4500
008 160715b xxu||||| |||| 00| 0 eng d
100 _92884
_aSingh L
245 _aPhysics-IX
_bTerm-I
260 _aNew Delhi
_bEPH Publication
_c2011
999 _c2456
_d2456